=LDR 00000nam 2200000 4500 =001 INLIS000000000025975 =005 20130612124439 =008 ***********************************Ind** =035 ##$$0010-061300000025975 =041 ##$$a Ind =082 ##$$a 620 =090 ##$$a 620, Sud t =100 ##$$a Soedarmayanti =245 ##$$a Tata kerja dan produktivitas kerja, Soedarmayanti =260 ##$$a 1996 $b Bandung =300 ##$$a 147 hlm, 21 cm =650 ##$$a Manajemen Produksi =850 ##$$a NBPNMAT